History Quiz

Random History or Clickable Quiz

Causes of the Great Depression Quiz Stats

 Plays Quiz not verified by Sporcle

Challenge
Share
Tweet
Embed
Score 0/9 Timer 10:00
0 Plays Today
% Correct
???
80%
???
68%
???
64%
???
64%
???
52%
???
44%
???
40%
???
32%
???
16%

You're not logged in!

Compare scores with friends on all Sporcle quizzes.
Join for Free
OR
Log In

You Might Also Like...

Show Comments

Extras

Created Mar 13, 2014ReportNominate
Tags:Clickable Quiz, cause, depression

Top Quizzes Today


Score Distribution

Your Account Isn't Verified!

In order to create a playlist on Sporcle, you need to verify the email address you used during registration. Go to your Sporcle Settings to finish the process.

Report this User

Report this user for behavior that violates our Community Guidelines.

Details: